Vista normal
Vista MARC
Entrada Materia (personas)
Número de registros utilizados en: 1
001 - CONTROL NUMBER
- control field: 159041
003 - CONTROL NUMBER IDENTIFIER
- control field: Co-BoUCM
005 - DATE AND TIME OF LATEST TRANSACTION
- control field: 20211110132808.0
008 - FIXED-LENGTH DATA ELEMENTS
- fixed length control field: 211110|| aca||aabn | a|a d
040 ## - CATALOGING SOURCE
- Original cataloging agency: Co-BoUCM
- Transcribing agency: Co-BoUCM
100 ## - HEADING--PERSONAL NAME
- Personal name: Hurtado Sarmiento, Luz Alexandra
670 ## - SOURCE DATA FOUND
- Source citation: Work cat.: (Co-BoUCM)36430: Hurtado Sarmiento, Luz Alexandra, La educación del carácter moral como cultivo de la Denkungsart, 2011